[Event "ISR-ch Open 2018"]
[Site "Ma'alot-Tarshih"]
[Date "2018.12.19"]
[Round "8"]
[White "Gleizer, Mark"]
[Black "Gershkowich, David"]
[Result "1-0"]
[WhiteElo "2186"]
[BlackElo "2193"]
[Annotator "NA"]
[PlyCount "109"]
[EventDate "2018.12.12"]
[EventType "swiss"]
[EventCountry "ISR"]
[SourceTitle "playchess.com"]
[Source "ChessBase"]
[SourceQuality "1"]
[TimeControl "40/5400+30:1800+30"]

1. d4 {[%emt 0:00:00]} Nf6 {[%emt 0:00:00]} 2. c3 {[%emt 0:00:00]} g6 {[%emt 0:00:21]} 3. g3 {[%emt 0:00:01]} Bg7 {[%emt 0:00:51]} 4. Bg2 {[%emt 0:00:07]} d5 {[%emt 0:01:13]} 5. Nd2 {[%emt 0:00:23]} Nbd7 {[%emt 0:01:10]} 6. f4 {[%emt 0:03:12]} c5 {[%emt 0:01:45]} 7. e3 {[%emt 0:00:47]} Qb6 {[%emt 0:01:23]} 8. Nh3 {[%emt 0:03:17]} Qa6 {[%emt 0:06:33]} 9. Nf2 {[%emt 0:03:16]} O-O {[%emt 0:00:58]} 10. b3 {[%emt 0:06:25]} Re8 {[%emt 0:02:19]} 11. Qe2 {[%emt 0:08:51]} Qxe2+ {[%emt 0:14:21]} 12. Kxe2 {[%emt 0:00:13]} b6 {[%emt 0:00:23]} 13. Bb2 {[%emt 0:04:20]} Ba6+ {[%emt 0:01:05]} 14. Kd1 {[%emt 0:00:56]} e6 {[%emt 0:02:55]} 15. Rc1 {[%emt 0:04:14]} Rad8 {[%emt 0:04:51]} 16. Kc2 {[%emt 0:02:12]} Rc8 {[%emt 0:03:31]} 17. Kb1 {[%emt 0:01:14]} Red8 {[%emt 0:02:28]} 18. g4 {[%emt 0:03:31]} Nb8 {[%emt 0:01:23]} 19. g5 {[%emt 0:01:18]} Ne8 {[%emt 0:00:50]} 20. h4 {[%emt 0:01:01]} Be2 {[%emt 0:02:53]} 21. Rce1 {[%emt 0:02:19]} Bh5 {[%emt 0:00:33]} 22. Nf1 {[%emt 0:00:28]} f5 {[%emt 0:05:13]} (22... cxd4 $11 23. cxd4 (23. exd4 Bf8 $11) 23... Bf8) 23. Ng3 {[%emt 0:02:00]} Bf8 {[%emt 0:01:10]} 24. Nxh5 {[%emt 0:05:54]} gxh5 {[%emt 0:00:02]} 25. Bf3 {[%emt 0:03:12]} Ng7 {[%emt 0:00:09]} 26. dxc5 {[%emt 0:03:10]} Bxc5 {[%emt 0:03:16]} 27. Re2 {[%emt 0:03:30]} a5 {[%emt 0:02:55]} 28. a4 {[%emt 0:03:54]} Nc6 {[%emt 0:11:05]} 29. Rd1 {[%emt 0:04:26]} Ne7 {[%emt 0:01:50]} 30. Nh1 {[%emt 0:01:14]} Ng6 {[%emt 0:00:51]} 31. Ng3 {[%emt 0:01:21]} Nxh4 {[%emt 0:00:30]} 32. Bxh5 $16 {[%emt 0:00:32]} Ng6 {[%emt 0:02:22]} 33. Bf3 {[%emt 0:01:45]} Rb8 {[%emt 0:08:33]} 34. Ka2 {[%emt 0:02:06]} Nh4 {[%emt 0:01:55]} 35. Bh1 {[%emt 0:00:20]} Ng6 {[%emt 0:01:24]} 36. Rd3 {[%emt 0:01:54]} Nf8 {[%emt 0:03:12]} 37. Red2 {[%emt 0:01:25]} Be7 {[%emt 0:02:40]} 38. Ne2 {[%emt 0:04:13]} Nd7 {[%emt 0:02:00]} 39. Rd1 {[%emt 0:05:08]} Nc5 {[%emt 0:00:34]} 40. R3d2 {[%emt 0:01:09]} Kf7 {[%emt 0:02:57]} 41. Nd4 {[%emt 0:30:50]} Rbc8 {[%emt 0:30:48]} 42. Rh2 {[%emt 0:01:38]} Rh8 {[%emt 0:02:08]} 43. Nf3 {[%emt 0:01:20]} Rcg8 {[%emt 0:03:06]} 44. Ne5+ {[%emt 0:02:23]} Ke8 {[%emt 0:00:31]} 45. c4 {[%emt 0:00:40]} Ne4 {[%emt 0:00:00]} 46. cxd5 {[%emt 0:00:00]} exd5 {[%emt 0:00:00]} 47. Rxd5 {[%emt 0:00:00]} Bc5 {[%emt 0:00:00]} 48. Bxe4 {[%emt 0:00:00]} fxe4 {[%emt 0:00:00]} 49. Nd7 {[%emt 0:00:00]} Bxe3 {[%emt 0:00:00]} 50. Nf6+ {[%emt 0:00:00]} Kf8 {[%emt 0:00:00]} 51. Nxg8 {[%emt 0:00:00]} Rxg8 {[%emt 0:00:00]} 52. Rxh7 {[%emt 0:00:00]} Ne6 {[%emt 0:00:00]} 53. Rf5+ {[%emt 0:00:00]} Ke8 {[%emt 0:00:00]} 54. Re5 {[%emt 0:00:00]} Rg6 {[%emt 0:00:00]} 55. f5 {[%emt 0:00:00]} 1-0

[Event "ISR-ch Open 2018"]
[Site "Ma'alot-Tarshih"]
[Date "2018.12.20"]
[Round "9"]
[White "Postny, Evgeny"]
[Black "Zanan, Evgeny"]
[Result "1/2-1/2"]
[WhiteElo "2615"]
[BlackElo "2521"]
[Annotator "TA"]
[PlyCount "87"]
[EventDate "2018.12.12"]
[EventType "swiss"]
[EventCountry "ISR"]
[SourceTitle "playchess.com"]
[Source "ChessBase"]
[SourceQuality "1"]

{[%evp 25,87,0,24,32,33,0,0,-16,0,0,-2,-4,0,0,0,-6,-4,-1,0,0,0,-9,0,0,0,0,43,42,39,39,44,44,46,40,43,41,49,49,50,0,51,0,52,43,52,50,53,45,60,50,49,31,28,29,25,15,10,0,0,0,8,0,0,0]} 1. d4 Nf6 2. c4 g6 3. Nc3 d5 4. Bf4 Bg7 5. e3 O-O 6. cxd5 Nxd5 7. Nxd5 Qxd5 8. Bxc7 Na6 9. Bxa6 Qxg2 10. Qf3 Qxf3 11. Nxf3 bxa6 12. Rc1 f6 {D84: Grünfeld: 4 Bf4 Bg7 5 e3 0-0 6 cxd5} 13. Rg1 Rf7 {[#] LiveBook: 23 Games} (13... Bb7 $5 {[%cal Rb7f3]} 14. Ke2 e6 $11) 14. Nd2 $146 ({Predecessor:} 14. b3 Bd7 15. Ba5 e6 16. Nd2 Rc8 17. Rxc8+ Bxc8 18. Ne4 Bf8 19. Ke2 Bb7 20. f3 {½-½ (41) Inarkiev,E (2683)-Vachier Lagrave,M (2796) Palma de Mallorca 2017}) 14... Bb7 {White is slightly better.} 15. Ke2 e5 16. Nb3 exd4 17. Nxd4 Re8 {White should prevent ...f5.} 18. Rgd1 f5 19. Bf4 Bf6 20. Rc7 Rxc7 21. Bxc7 Rc8 22. Ba5 Bd5 23. a3 Kf7 24. Bc3 Rc7 25. Ke1 Bxd4 26. Rxd4 $11 {[%mdl 4096] Endgame KRB-KRB} Ke6 27. Ra4 Bc4 28. Ra5 Rd7 29. Rc5 Bd5 30. Bd4 Bb7 31. Re5+ {[%mdl 64] [#] Discovered Attack} Kf7 32. Rc5 Ke6 33. Re5+ {[%mdl 64] Discovered Attack} Kf7 34. Ra5 Rc7 35. Kd2 Bc8 36. f3 Rd7 37. Kd3 Bb7 38. e4 fxe4+ 39. fxe4 Re7 40. e5 Rd7 {The position is equal.} 41. Ke3 Ke6 42. Bxa7 Rf7 43. Ke2 Rf5 44. Bf2 {Accuracy: White = 53%, Black = 51%.} 1/2-1/2

[Event "ISR-ch Open 2018"]
[Site "Ma'alot-Tarshih"]
[Date "2018.12.20"]
[Round "9"]
[White "Mikhalevski, Victor"]
[Black "Rechlis, Gad"]
[Result "0-1"]
[WhiteElo "2579"]
[BlackElo "2521"]
[Annotator "TA"]
[PlyCount "97"]
[EventDate "2018.12.12"]
[EventType "swiss"]
[EventCountry "ISR"]
[SourceTitle "playchess.com"]
[Source "ChessBase"]
[SourceQuality "1"]

{[%evp 24,97,41,34,37,20,17,20,49,0,0,0,11,8,55,0,19,0,0,-11,0,-19,-9,-29,-26,-46,-57,-51,-60,-68,-77,-104,-44,-159,-164,-272,-271,-271,-270,-261,-178,-268,-254,-226,-231,-324,-214,-244,-247,-537,-537,-504,-525,-525,-510,-485,-393,-390,-389,-377,-380,-384,-389,-429,-379,-384,-377,-417,-416,-409,-397,-388,-381,-370,-370,-487]} 1. d4 Nf6 2. Nf3 e6 3. c4 c5 4. d5 exd5 5. cxd5 d6 6. Nc3 g6 7. Bf4 a6 8. a4 Bg7 9. h3 O-O 10. e3 Ne8 {A61: Modern Benoni: Nf3 without early e4} (10... Qe7 11. Bd3 Nbd7 12. O-O Ne8 13. e4 Rb8 14. Re1 Nc7 15. Qd2 Ne5 16. Nxe5 Bxe5 17. Bxe5 Qxe5 18. a5 {1-0 (42) Akobian,V (2647)-Ponkratov,P (2613) Riadh 2017}) 11. Be2 Nd7 12. O-O Rb8 13. Re1 {LiveBook: 9 Games} Ne5 14. Nd2 Nc7 $146 ({Predecessor:} 14... f5 15. Bh2 g5 16. f4 gxf4 17. exf4 Ng6 18. a5 {1-0 (97) Sychev,K (2317)-Vavulin,M (2398) Moscow 2014}) 15. a5 Re8 16. Bh2 b5 17. axb6 Rxb6 18. Qc2 Rb8 19. Kh1 Rb4 20. f4 Nd7 21. e4 Nb5 22. Bxb5 axb5 23. Nf3 Nb6 24. Ra7 Na4 25. Nxa4 bxa4 26. Rxa4 Rxb2 27. Qc1 Qb6 (27... Qd7 $17 28. Ra5 Bb7) 28. Nd2 (28. f5 $15) 28... Qb5 $17 29. Ra3 {[#]} (29. Ra8 {was necessary.} Qd3 30. Nf3) 29... Qb4 $1 $19 {[%csl LRa3,LRd2]} 30. Nc4 {[#]} Rc2 $1 {[%cal Rc2c4][%mdl 512]} 31. Qxc2 Qxe1+ 32. Bg1 Bd4 $40 {[%csl Gd4][%cal Re1g1,Bg7d4,Bd4e3,Be3c1][%mdl 160] White is in trouble.} ({Much less strong is} 32... Rxe4 33. Ne3 $19) 33. Ne3 {[#]} Bf5 $1 {[%cal Rf5e4][%mdl 512]} 34. Qf2 (34. Qd1 $142 Qxd1 35. Nxd1 Rxe4 36. Be3) (34. Nxf5 Qxg1#) 34... Qc1 35. Ra4 Bd7 36. Ra7 $2 (36. Rc4 Qxc4 37. Nxc4 Bxf2 38. Bxf2 Rxe4 39. Nxd6 Rxf4 40. Bxc5) 36... Rxe4 {[%cal Rd4e3]} 37. Qc2 Bxe3 {[%csl Ge3][%cal Rc1g1]} 38. Qxc1 Bxc1 39. Rxd7 Bxf4 {[%mdl 4096] Endgame KRB-KRB} 40. Bf2 Re2 41. Kg1 Rd2 {And now ...Rd1+ would win.} 42. g3 Be5 43. Be3 Rd1+ 44. Kf2 {White hopes to continue with Bh6.Black is winning.} Kg7 45. Kf3 Rxd5 46. Ke4 Rd1 47. Bxc5 Re1+ 48. Be3 Bxg3 {Threatens to win with ...Bf2.} 49. Kd4 {Precision: White = 33%, Black = 77%.} 0-1

[Event "ISR-ch Open 2018"]
[Site "Ma'alot-Tarshih"]
[Date "2018.12.20"]
[Round "9"]
[White "Baron, Tal"]
[Black "Globus, Or"]
[Result "1-0"]
[WhiteElo "2532"]
[BlackElo "2387"]
[Annotator "TA"]
[PlyCount "69"]
[EventDate "2018.12.12"]
[EventType "swiss"]
[EventCountry "ISR"]
[SourceTitle "playchess.com"]
[Source "ChessBase"]
[SourceQuality "1"]

{[%evp 26,69,43,37,69,37,66,45,43,0,0,0,0,0,31,39,66,53,28,103,165,146,164,0,0,0,0,0,0,0,83,76,383,381,398,395,615,615,612,604,1061,1008,1009,1005,965,705]} 1. d4 Nf6 2. c4 g6 3. f3 d5 4. cxd5 Nxd5 5. e4 Nb6 6. Nc3 Bg7 7. Be3 O-O 8. Qd2 e5 9. d5 c6 {D70: Grünfeld: Unusual White 3rd moves (met by ...d5)} 10. h4 (10. Rd1 cxd5 11. exd5 N8d7 12. Nh3 e4 13. fxe4 Ne5 14. Nf2 f5 15. Bc5 Rf7 16. Be2 f4 17. Bf3 {½-½ (25) Aronian,L (2805)-Vachier Lagrave,M (2789) London 2017}) 10... cxd5 11. exd5 N8d7 12. h5 Nf6 13. hxg6 fxg6 14. O-O-O {LiveBook: 42 Games} Bd7 15. Kb1 Rc8 16. d6 e4 17. fxe4 {[#]} Ng4 $146 18. Bg5 Qe8 19. Nf3 $1 Rf7 20. Qe1 Rc5 21. Be7 $1 Rxc3 22. bxc3 Qc8 {[#]} (22... Be6 $16 {was necessary.}) 23. Rd4 $1 $18 Qc5 24. Qc1 $2 ({Only move:} 24. Qd2 $18) 24... Ne5 $11 25. Be2 {Strongly threatening Ng5.} Na4 26. Rxa4 $1 Bxa4 27. Qb2 $36 {[%mdl 2048] aiming for Qb4. White is more active.} Nxf3 (27... Qc6 $11 {keeps the balance.}) 28. gxf3 $16 Bxc3 $2 {[%mdl 8192] [#]} (28... a5 $16) 29. Rc1 $1 $18 {[%cal Rc1c3]} Bxb2 {[%csl Gb2][%cal Rc5c1]} 30. Rxc5 Bf6 (30... Ba3 $142) 31. Bxf6 {White is clearly winning.} Rxf6 32. e5 Rf4 33. Bc4+ Kg7 34. Rc7+ Kh6 35. Bb3 {Accuracy: White = 71%, Black = 47%.} 1-0

[Event "ISR-ch Open 2018"]
[Site "Ma'alot-Tarshih"]
[Date "2018.12.20"]
[Round "9"]
[White "Greenfeld, Alon"]
[Black "Dvoirys, Semen I."]
[Result "1/2-1/2"]
[WhiteElo "2504"]
[BlackElo "2528"]
[Annotator "TA"]
[PlyCount "39"]
[EventDate "2018.12.12"]
[EventType "swiss"]
[EventCountry "ISR"]
[SourceTitle "playchess.com"]
[Source "ChessBase"]
[SourceQuality "1"]

{[%evp 32,33,52,57]} 1. d4 Nf6 2. c4 g6 3. g3 Bg7 4. Bg2 d5 5. cxd5 Nxd5 6. Nf3 Nb6 7. Nc3 Nc6 8. e3 {[%cal Be2e3,Be3e4][%mdl 32]} O-O 9. O-O Re8 10. Re1 e5 11. d5 Na5 12. e4 c6 {D76: Fianchetto Grünfeld: Main Line with 7...Nb6} 13. b3 cxd5 14. exd5 Bg4 15. Ba3 e4 16. Nxe4 Qxd5 17. Qxd5 {[#] LiveBook: 10 Games} {Predecessor:} Nxd5 $146 18. Rac1 Nc6 19. Nd6 Rxe1+ 20. Rxe1 {1-0 (37) Wang,H (2715)-Evdokimov,A (2564) Dagomys 2010} 1/2-1/2

[Event "ISR-ch Open 2018"]
[Site "Ma'alot-Tarshih"]
[Date "2018.12.20"]
[Round "9"]
[White "Bakalchuk, Johnatan"]
[Black "Smirin, Ilia"]
[Result "1/2-1/2"]
[WhiteElo "2442"]
[BlackElo "2609"]
[Annotator "TA"]
[PlyCount "125"]
[EventDate "2018.12.12"]
[EventType "swiss"]
[EventCountry "ISR"]
[SourceTitle "playchess.com"]
[Source "ChessBase"]
[SourceQuality "1"]

{[%evp 17,125,0,13,12,12,11,12,6,12,11,8,-3,0,0,10,9,20,0,0,0,0,0,2,-10,-16,-16,-7,-22,0,-13,7,-5,-7,-41,0,-18,0,-31,-27,-39,-36,-37,-27,-41,-43,-33,-31,-54,-67,-55,-54,-79,-34,-33,0,0,0,0,0,0,0,-10,0,0,0,0,12,12,12,12,12,10,10,11,11,0,201,201,201,208,192,159,347,410,458,442,432,241,200,0,415,370,311,116,116,112,139,0,0,0,0,0,0,0,0,0,0,0,0,0]} 1. e4 c5 2. Nf3 d6 3. d4 cxd4 4. Nxd4 Nf6 5. Nc3 Nc6 6. Bc4 Qb6 7. Nxc6 bxc6 8. O-O g6 9. Be3 Qc7 {LiveBook: 29 Games. B57: Classical Sicilian: Sozin with 6...Qb6} 10. Bd4 Bg7 11. Re1 {next e5 is good for White.} (11. Rb1 O-O 12. Re1 Ng4 13. Bxg7 Kxg7 14. Bb3 Rb8 15. h3 Nf6 16. Re3 Qa5 17. Qd2 {½-½ (89) Jazzled (2717)-King Crusher (2677) playchess.com INT 2006}) 11... O-O 12. h3 Nd7 $146 ({Predecessor:} 12... e5 13. Be3 Be6 14. Bb3 d5 15. Bg5 d4 16. Nb1 c5 17. Bxe6 fxe6 {½-½ (36) Fargere,F (2339)-Bailet,P (2169) Aix les Bains 2007}) 13. Bxg7 Kxg7 14. Qd4+ f6 15. Rad1 Rb8 16. b3 Ne5 17. Be2 g5 18. Qe3 Kh8 19. Na4 Rg8 20. c4 c5 21. Nc3 Be6 22. Bh5 Rg7 23. Nd5 Bxd5 (23... Qc8 {feels hotter.} 24. Be2 Qd7 25. Nc3 Rbg8 26. Kh1 Qb7) 24. cxd5 Qa5 25. Qd2 Rb4 26. Kh2 Qb6 27. Qc3 a5 {[%cal Ba7a5,Ba5a4][%mdl 32]} 28. Re3 a4 29. g3 c4 {[%cal Ra4b3]} 30. bxc4 Rxc4 31. Qe1 Rg8 32. Rc1 Rgc8 33. Rxc4 Rxc4 34. Kg2 Rc2 35. Re2 Nd3 36. Qd1 {[%mdl 64] Double Attack} Rxe2 $1 37. Qxe2 Qd4 38. Bg4 Kg7 39. Bf5 Kh6 40. a3 Qc3 41. h4 Ne5 42. hxg5+ $1 fxg5 43. Qd1 {Qh1+ is the strong threat.} Kg7 $1 44. Qh5 {[%mdl 64] Double Attack} h6 45. Qe8 $36 {[%mdl 2112] Double Attack. White is pushing.} Qf3+ 46. Kg1 Nf7 $2 (46... Qd1+ $11 {and Black stays safe.} 47. Kh2 Nf7) 47. Be6 $1 $18 ({Don't do} 47. Qxa4 $6 g4 $16) 47... Qf6 48. Qxa4 Ne5 49. Qe8 {[%csl Ge6][%cal Re8g8]} h5 $2 (49... Qf8 $16 50. Bd7 Qf6) 50. Qxh5 Nf3+ 51. Kg2 Ne1+ 52. Kf1 (52. Kh3 $142) 52... Nf3 {intending ...Qa1+.} 53. Kg2 $2 (53. Qh1) 53... Ne1+ $1 54. Kh3 Nd3 55. f3 $2 (55. Qe2 $18 {is more deadly.} Qd4 56. Kg2) 55... Nf2+ $16 {[#]} 56. Kg2 $1 {[%cal Rg2f2]} Nd3 {[#]} 57. Kh3 (57. Kf1 $1 $16) 57... Nf2+ $1 $11 {The position is equal.} 58. Kh2 {And now Kg1 would win.} Nd3 $1 59. e5 Nxe5 60. Kg2 Nd3 61. Kh3 Nf2+ 62. Kg2 Nd3 63. Kh3 {Accuracy: White = 54%, Black = 59%.} 1/2-1/2

[Event "ISR-ch Open 2018"]
[Site "Ma'alot-Tarshih"]
[Date "2018.12.20"]
[Round "9"]
[White "Gruenfeld, Yehuda"]
[Black "Steinberg, Nitzan"]
[Result "1-0"]
[WhiteElo "2421"]
[BlackElo "2532"]
[Annotator "TA"]
[PlyCount "119"]
[EventDate "2018.12.12"]
[EventType "swiss"]
[EventCountry "ISR"]
[SourceTitle "playchess.com"]
[Source "ChessBase"]
[SourceQuality "1"]

{[%evp 21,119,29,17,18,32,0,0,0,0,0,0,0,0,0,0,0,43,40,51,54,51,32,41,42,42,41,50,48,34,42,66,0,22,0,68,56,107,109,106,113,119,114,127,122,108,106,188,45,140,96,105,72,85,78,60,18,17,11,15,17,46,22,50,15,109,60,68,56,54,0,67,110,113,122,79,4,6,6,6,0,58,63,75,47,163,132,137,134,264,229,883,881,1611,1577,1285,977,29971,6041,4956,1697]} 1. e4 c5 2. Nf3 d6 3. d4 cxd4 4. Nxd4 Nf6 5. Nc3 a6 6. Bg5 Nbd7 7. Qe2 {B94: Sicilian Najdorf: 6 Bg5 Nbd7} h6 8. Bh4 g6 9. f4 e5 $146 (9... Qc7 10. O-O-O Bg7 11. g4 e5 12. fxe5 Nxe5 13. h3 Be6 14. Qf2 Nfd7 {½-½ (26) Carlsen,M (2842)-Svidler,P (2753) Biel 2018}) 10. fxe5 dxe5 11. O-O-O Qc7 {LiveBook: 89 Games} 12. Nb3 b5 $1 13. Rxd7 Nxd7 14. Nd5 {[%cal Rd5c7]} Qb8 15. Na5 Bb7 16. Nf6+ Nxf6 $1 17. Bxf6 Qc7 $1 {[%cal Rc7a5]} 18. Nxb7 Rg8 19. a4 bxa4 20. Qc4 $1 {[%cal Rc4c7]} Qxb7 21. Qxa4+ Qd7 22. Qb3 Be7 23. Bxe5 {Bc4 is the strong threat.} Bd6 $1 {[%cal Rd6e5]} 24. Bxd6 Qxd6 25. Bc4 $36 {[%mdl 2048] White is more active.} Rg7 26. Qf3 (26. Rf1 $14 Qc7 27. Bd5) 26... Qe5 27. Rd1 Qg5+ ({Black should try} 27... Rb8 $11 28. Bb3 Kf8) 28. Kb1 $14 {[%mdl 1024] aiming for Qc3. White has compensation.} Rd8 (28... Qe5 $14) 29. Rf1 $1 $16 {[%cal Rc4f7]} (29. Bxa6 $6 Rxd1+ 30. Qxd1 Kf8 $11) 29... f6 30. Bd5 $1 (30. Bxa6 Ra7 $15) (30. Qxf6 $2 Rd1+ $1 {[%mdl 512]} 31. Rxd1 (31. Ka2 Qa5+ 32. Kb3 Rb7+ 33. Qb6 Rxb6+ 34. Bb5+ Rxb5+ 35. Kc4 Qc7#) 31... Qxf6 $19) 30... Rd6 31. Qc3 {Hoping for Qc8+.} Kd8 32. Qb4 Rgd7 33. c4 Qe3 {[#]} (33... Qe5 $16) 34. Rf3 ({Only move:} 34. Rxf6 $1 $18 {[%mdl 512] White threatens Qb8+ and mate.} Rxf6 35. Qb8+ Ke7 36. Qe5+ Kd8 37. Qxf6+ {[%mdl 64] Double Attack} Kc7 38. Qc6+ Kd8 39. Qf6+ Kc7 40. Qc6+ Kd8 41. Qf6+) 34... Qb6 (34... Qg1+ $14 35. Ka2 Qd4) 35. Qa3 Rc7 36. Rb3 Qc5 37. Rb8+ Ke7 38. Qxc5 Rxc5 $14 {[%mdl 4096] Endgame KRR-KRB} 39. Rh8 Rb6 40. Kc2 Ra5 41. Kc3 Ra1 42. Kd4 Ra5 {[#]} (42... Rb1 $11) 43. Rh7+ $1 $16 ({Much worse is} 43. Rxh6 $6 Rxb2 44. Rxg6 Rd2+ 45. Kc3 Raa2 $11) 43... Kd8 44. Kc3 Ra1 45. Kd4 Ra5 46. Rxh6 Rxb2 47. Rxg6 Rd2+ 48. Kc3 (48. Ke3 $16 Raa2 49. g4 (49. Rxf6 Rxg2 50. h4 Rh2 $14)) 48... Raa2 $11 49. Kb4 Rxg2 50. Rxf6 Rgf2 ({Better is} 50... Rxh2 $11 51. Rf8+ Ke7 52. Rf7+ Ke8) 51. Rd6+ $14 Kc7 52. Rc6+ Kd7 (52... Kd8 $1 $14) 53. h4 $18 a5+ 54. Kc5 a4 (54... Rf8 $16 {might work better.}) 55. Ra6 a3 $2 (55... Rae2 56. Ra7+ (56. Rxa4 Ra2 $16) 56... Kc8 57. Rxa4 Ra2 58. Rxa2 Rxa2) 56. e5 {[%cal Be4e5,Be5e6][%mdl 32]} Ke7 57. Ra7+ Kf8 58. e6 {White wants to mate with e7+.} Rfe2 59. Kd6 Rab2 60. Rxa3 {Accuracy: White = 63%, Black = 47%.} (60. e7+ $142 Rxe7 61. Rxe7 Rb6+ 62. Kd7) 1-0

[Event "ISR-ch Open 2018"]
[Site "Ma'alot-Tarshih"]
[Date "2018.12.20"]
[Round "9"]
[White "Bronstein, Or"]
[Black "Kobo, Ori"]
[Result "1-0"]
[WhiteElo "2359"]
[BlackElo "2494"]
[Annotator "TA"]
[PlyCount "81"]
[EventDate "2018.12.12"]
[EventType "swiss"]
[EventCountry "ISR"]
[SourceTitle "playchess.com"]
[Source "ChessBase"]
[SourceQuality "1"]

{[%evp 19,81,37,45,43,38,31,35,33,39,38,65,61,72,78,113,112,112,72,81,93,106,90,74,37,57,49,55,15,15,17,19,16,312,292,294,293,291,275,295,295,295,302,349,349,345,348,317,307,341,325,358,362,404,404,404,404,447,389,722,703,661,671,870,846]} 1. d4 d6 2. Nf3 Nf6 3. c4 g6 4. Nc3 Bf5 5. Ng5 Bg7 6. e4 {E61: King's Indian: Early deviations for White, including Smyslov System} Bd7 7. Be2 e5 8. Nf3 {[%cal Bg5f3,Bf3d4,Bd4c2,Bc2b4][%mdl 32]} exd4 9. Nxd4 O-O 10. O-O Nc6 {LiveBook: 15 Games} 11. Be3 Re8 12. f3 {[%cal Bf2f3,Bf3f4,Bf4f5][%mdl 32]} Nh5 13. Nc2 {[#]} Bxc3 $146 ({Predecessor:} 13... Be5 14. Nd5 Ne7 {0-1 (41) Bluebaum,M (2605)-Rakhmanov,A (2650) Moscow 2016}) 14. bxc3 b6 15. Qd2 Na5 16. Nb4 f6 {[#]} 17. f4 $1 {[%cal Rf4f5] aiming for f5.} Ng7 18. f5 $1 {[%cal Rf5g6]} gxf5 19. exf5 Nxf5 20. Bf4 Be6 21. Bf3 Nxc4 22. Qd3 {[#] Threatens to win with Bd5.} a5 23. Bd5 (23. Nc6 {is interesting.} Qd7 24. Nd4 Nxd4 25. Bxa8 Nc2 26. Bh6) 23... axb4 24. Bxe6+ Rxe6 25. Qxf5 Re5 $2 {[%mdl 8192]} (25... Qe8 $1 $11 {and Black has nothing to worry.}) 26. Bxe5 $18 Nxe5 27. cxb4 Kg7 28. Rac1 c5 29. Qe6 Ra7 30. Rc3 Qe7 31. Rg3+ Ng6 32. Qxe7+ Rxe7 {[%mdl 4096] Endgame KRR-KRN} 33. Rd3 Re6 34. Rfd1 Re4 35. b5 ({Not} 35. Rxd6 Rxb4 36. Rd7+ Kh6 $18) 35... Ra4 36. Rxd6 Rxa2 37. Rf1 Ne5 38. Rxb6 c4 $2 (38... Rb2 39. Rbxf6 Rxb5) 39. Rbxf6 {White is clearly winning.} c3 40. R6f5 Re2 41. b6 {Accuracy: White = 85%, Black = 32%.} 1-0

[Event "ISR-ch Open 2018"]
[Site "Ma'alot-Tarshih"]
[Date "2018.12.20"]
[Round "9"]
[White "Iliaguev, Nisim"]
[Black "Aharon, Ofir"]
[Result "1-0"]
[WhiteElo "2338"]
[BlackElo "2320"]
[Annotator "TA"]
[PlyCount "98"]
[EventDate "2018.12.12"]
[EventType "swiss"]
[EventCountry "ISR"]
[SourceTitle "playchess.com"]
[Source "ChessBase"]
[SourceQuality "1"]

{[%evp 24,98,45,47,53,47,38,0,0,0,0,0,0,-64,-50,-54,-18,-12,-12,-16,0,-48,0,-27,-15,-33,-36,-52,-82,-61,-33,-31,18,-24,-27,-43,34,-20,-6,-84,-22,-29,0,0,0,-20,-8,-26,8,8,8,8,8,-114,-94,-120,-129,-369,-362,-436,-354,-355,-340,-500,437,428,497,506,525,514,489,457,454,451,1022,995,29992]} 1. d4 Nf6 2. c4 g6 3. g3 Bg7 4. Bg2 d5 5. cxd5 Nxd5 6. e4 Nb6 7. Ne2 c5 8. d5 e6 9. O-O O-O 10. Nbc3 {D72: Fianchetto Grünfeld: 5 cxd5 Nxd5 6 e4 Nb6 (without Nf3)} Na6 {[%cal Bb8a6,Ba6c5,Bc5b3][%mdl 32]} 11. Nf4 e5 12. Nd3 c4 13. Ne1 {LiveBook: 18 Games} f5 {[#]} 14. a4 $146 ({Predecessor:} 14. Be3 fxe4 15. Bxe4 Bf5 16. f3 Rc8 17. Ng2 Nc5 18. Qe2 Qd7 19. Bxc5 Rxc5 20. Ne3 Bh6 {½-½ (20) Kraemer,M (2516)-Potkin,V (2630) Germany 2011}) 14... Nc5 $1 15. exf5 (15. a5 $5 {[%cal Ra5b6]} Nb3 16. Ra3 $11) 15... Bxf5 16. Be3 Nb3 17. Ra2 Qd7 18. Nc2 (18. a5 $11 Nc8 19. f3) 18... Nc8 $15 19. Ne4 Bxe4 20. Bxe4 Nd6 21. Bg2 a6 22. a5 (22. Na1 {with more complications.} Nd4 23. Nc2 N6f5 24. Bd2 Rae8 25. Re1) 22... Bf6 23. Bd2 (23. Na1 {is more complex.} Nd4 24. Nc2 N4b5 25. Na3 Nd4 26. Nc2) 23... Nxd2 24. Qxd2 Rac8 25. h4 Rc5 26. Ne3 Kh8 27. Rc1 Bg7 28. Qe2 (28. b3 $5) 28... Qc7 29. Qd2 Qd7 (29... e4 $15) 30. Qb4 (30. b3 $14) 30... Rb5 31. Qa4 (31. Qe1 $11 {remains equal.}) 31... Qf7 (31... Bh6 $17 {Threatens to win with ...Bxe3.} 32. Re1 Bxe3 33. Rxe3 Qf5) 32. Rc2 $11 Rc5 33. Ra1 e4 34. Rac1 Bd4 $36 {[%mdl 2048] Black has some pressure.} 35. Qa3 Qc7 36. b4 Rb5 $1 37. Rd1 Qg7 38. Re2 (38. Nxc4 $11 {keeps the balance.} Nxc4 39. Rxc4 Bxf2+ 40. Kh1) 38... c3 $17 39. Nc2 Ba7 {[#] And now ...Rxf2! would win.} 40. Qa2 $2 (40. Qc1 $17 {was necessary.}) 40... Qe5 $19 41. Ne3 Rxb4 42. Qa3 Bc5 {Strongly threatening ...Nc4.} 43. Ng4 (43. Kh2 $142) 43... Rb1 $4 {[%mdl 8192] [#]} (43... Qxg3 $19 44. Qxb4 Rxf2 45. Qxc3+ Qxc3 46. Nxf2 Nf5) 44. Rxb1 $18 {White is clearly winning.} (44. Nxe5 $2 {loses.} Rxd1+ 45. Bf1 Bxa3 $19) 44... Bxa3 45. Nxe5 Rf5 46. Ng4 Rxd5 47. Nf6 Rxa5 48. Nxe4 Nb5 (48... Nxe4 $142 49. Bxe4 Rb5 50. Rxb5 axb5 51. Bxb7 Bc5) 49. Rd1 Bb2 {Precision: White = 30%, Black = 41%.} 1-0